[Event "IECC CL7-2011.04 email"]
[Site "IECC email"]
[Date "2011.07.26"]
[Round "?"]
[White "Dawkins, Arthur William"]
[Black "Fodor, Csaba"]
[Result "0-1"]
[WhiteElo "1063"]
[BlackElo "1121"]
[PlyCount "70"]
[EventDate "2011.??.??"]
[EventType "tourn (corr)"]
[EventRounds "4"]
[SourceTitle "Telechess CBM 149"]
[Source "ChessBase"]
[SourceDate "2012.07.17"]
[SourceVersion "1"]
[SourceVersionDate "2012.07.17"]
[SourceQuality "1"]
[WhiteTeam "England"]
[BlackTeam "Hungary"]
[WhiteTeamCountry "ENG"]
[BlackTeamCountry "HUN"]

1. d4 Nf6 2. Nf3 d6 3. e3 Nbd7 4. Bd3 g6 5. 0-0 Bg7 6. c3 b6 7. Nbd2 0-0 8. h3 Bb7 9. Re1 e5 10. dxe5 Nxe5 11. Bc2 Nxf3+ 12. Nxf3 d5 13. Bb3 Ne4 14. Bc2 a5 15. Nd2 f5 16. Bb3 a4 17. Bc2 a3 18. Nxe4 fxe4 19. Rb1 Be5 20. g3 axb2 21. Bxb2 Rxa2 22. Bb3 Rxb2 23. Rxb2 Bxc3 24. Rc2 Bxe1 25. Qxe1 c5 26. Rd2 Qd6 27. Qd1 Qf6 28. Qe1 c4 29. Bd1 Ra8 30. Kg2 c3 31. Rc2 Ra1 32. h4 d4 33. exd4 e3+ 34. Kg1 Qxd4 35. Qxc3 Rxd1+ 0-1